<?xml version="1.0" encoding="UTF-8"?>
<record
    xmlns:xsi="http://www.w3.org/2001/XMLSchema-instance"
    xsi:schemaLocation="http://www.loc.gov/MARC21/slim http://www.loc.gov/standards/marcxml/schema/MARC21slim.xsd"
    xmlns="http://www.loc.gov/MARC21/slim">

  <leader>00952nam a2200241 a 4500</leader>
  <controlfield tag="001">40620</controlfield>
  <controlfield tag="003">BD-RjUL</controlfield>
  <controlfield tag="005">20211209053243.0</controlfield>
  <controlfield tag="008">160507s2009    bg ||||| |||| 000 0dben d</controlfield>
  <datafield tag="020" ind1=" " ind2=" ">
    <subfield code="a">9789843303578</subfield>
    <subfield code="c">: Tk. 267.00</subfield>
  </datafield>
  <datafield tag="035" ind1=" " ind2=" ">
    <subfield code="a">(BD-RjUL)40735</subfield>
  </datafield>
  <datafield tag="040" ind1=" " ind2=" ">
    <subfield code="a">BD-RjUL</subfield>
    <subfield code="b">ben</subfield>
    <subfield code="c">BD-RjUL</subfield>
  </datafield>
  <datafield tag="041" ind1=" " ind2=" ">
    <subfield code="a">ben</subfield>
  </datafield>
  <datafield tag="082" ind1=" " ind2=" ">
    <subfield code="2">23</subfield>
    <subfield code="a">B 297.09</subfield>
    <subfield code="b">HAM 2009</subfield>
  </datafield>
  <datafield tag="100" ind1=" " ind2=" ">
    <subfield code="a">&#x9B9;&#x995;, &#x9AE;&#x9CB;. &#x986;&#x99C;&#x9BF;&#x99C;&#x9C1;&#x9B2; </subfield>
    <subfield code="9">125001</subfield>
  </datafield>
  <datafield tag="245" ind1=" " ind2=" ">
    <subfield code="a">&#x9AE;&#x9C1;&#x9B8;&#x9B2;&#x9BF;&#x9AE; &#x987;&#x9A4;&#x9BF;&#x9B9;&#x9BE;&#x9B8;&#x99A;&#x9B0;&#x9CD;&#x99A;&#x9BE;&#x9B0; &#x995;&#x9CD;&#x9B0;&#x9AE;&#x9AC;&#x9BF;&#x995;&#x9BE;&#x9B6; /</subfield>
    <subfield code="c">&#x9AE;&#x9CB;. &#x986;&#x99C;&#x9BF;&#x99C;&#x9C1;&#x9B2; &#x9B9;&#x995;</subfield>
  </datafield>
  <datafield tag="260" ind1=" " ind2=" ">
    <subfield code="a">&#x9B0;&#x9BE;&#x99C;&#x9B6;&#x9BE;&#x9B9;&#x9C0; :</subfield>
    <subfield code="b">&#x9B8;&#x9C7;&#x9A8;&#x9CD;&#x99F;&#x9BE;&#x9B0; &#x9AB;&#x9B0; &#x987;&#x9B8;&#x9B2;&#x9BE;&#x9AE;&#x9BF;&#x995; &#x9B0;&#x9BF;&#x9B8;&#x9BE;&#x9B0;&#x9CD;&#x99A; &#x9B0;&#x9BE;&#x99C;&#x9B6;&#x9BE;&#x9B9;&#x9C0;, </subfield>
    <subfield code="c">&#x9E8;&#x9E6;&#x9E6;&#x9EF;.</subfield>
  </datafield>
  <datafield tag="300" ind1=" " ind2=" ">
    <subfield code="a">&#x9E8;&#x9ED;&#x9E8; &#x9AA;&#x9C3;.;</subfield>
    <subfield code="c">&#x9E8;&#x9E8; &#x9B8;&#x9C7;&#x9AE;&#x9BF;.</subfield>
  </datafield>
  <datafield tag="504" ind1=" " ind2=" ">
    <subfield code="a">&#x997;&#x9CD;&#x9B0;&#x9A8;&#x9CD;&#x9A5;&#x9AA;&#x99E;&#x9CD;&#x99C;&#x9BF; &#x9B8;&#x982;&#x9AF;&#x9C1;&#x995;&#x9CD;&#x9A4;</subfield>
  </datafield>
  <datafield tag="650" ind1=" " ind2=" ">
    <subfield code="a">&#x987;&#x9B8;&#x9B2;&#x9BE;&#x9AE; </subfield>
    <subfield code="x">&#x987;&#x9A4;&#x9BF;&#x9B9;&#x9BE;&#x9B8; </subfield>
    <subfield code="9">125002</subfield>
  </datafield>
  <datafield tag="650" ind1=" " ind2=" ">
    <subfield code="a">Islam </subfield>
    <subfield code="x">History</subfield>
    <subfield code="9">125003</subfield>
  </datafield>
  <datafield tag="942" ind1=" " ind2=" ">
    <subfield code="2">ddc</subfield>
    <subfield code="c">BK</subfield>
  </datafield>
  <datafield tag="999" ind1=" " ind2=" ">
    <subfield code="c">40620</subfield>
    <subfield code="d">40620</subfield>
  </datafield>
  <datafield tag="952" ind1=" " ind2=" ">
    <subfield code="0">0</subfield>
    <subfield code="1">0</subfield>
    <subfield code="2">ddc</subfield>
    <subfield code="4">0</subfield>
    <subfield code="7">1</subfield>
    <subfield code="8">NFIC</subfield>
    <subfield code="a">RUCL</subfield>
    <subfield code="b">RUCL</subfield>
    <subfield code="c">Reading</subfield>
    <subfield code="d">2009-07-08</subfield>
    <subfield code="e">Author</subfield>
    <subfield code="g">267.00</subfield>
    <subfield code="l">0</subfield>
    <subfield code="o">B 297.09 HAM 2009</subfield>
    <subfield code="r">2016-05-07 00:00:00</subfield>
    <subfield code="t">C-2</subfield>
    <subfield code="w">2016-05-07</subfield>
    <subfield code="y">BK</subfield>
  </datafield>
  <datafield tag="952" ind1=" " ind2=" ">
    <subfield code="0">0</subfield>
    <subfield code="1">0</subfield>
    <subfield code="2">ddc</subfield>
    <subfield code="4">0</subfield>
    <subfield code="7">0</subfield>
    <subfield code="8">NFIC</subfield>
    <subfield code="a">RUCL</subfield>
    <subfield code="b">RUCL</subfield>
    <subfield code="c">Stack</subfield>
    <subfield code="d">2009-07-08</subfield>
    <subfield code="e">Author</subfield>
    <subfield code="g">267.00</subfield>
    <subfield code="l">0</subfield>
    <subfield code="o">B 297.09 HAM 2009</subfield>
    <subfield code="r">2016-05-07 00:00:00</subfield>
    <subfield code="t">C-3</subfield>
    <subfield code="w">2016-05-07</subfield>
    <subfield code="y">BK</subfield>
  </datafield>
  <datafield tag="952" ind1=" " ind2=" ">
    <subfield code="0">0</subfield>
    <subfield code="1">0</subfield>
    <subfield code="2">ddc</subfield>
    <subfield code="4">0</subfield>
    <subfield code="7">0</subfield>
    <subfield code="8">NFIC</subfield>
    <subfield code="a">RUCL</subfield>
    <subfield code="b">RUCL</subfield>
    <subfield code="c">Stack</subfield>
    <subfield code="d">2009-07-08</subfield>
    <subfield code="e">Author</subfield>
    <subfield code="g">267.00</subfield>
    <subfield code="l">0</subfield>
    <subfield code="o">B 297.09 HAM 2009</subfield>
    <subfield code="r">2016-05-07 00:00:00</subfield>
    <subfield code="t">C-4</subfield>
    <subfield code="w">2021-12-09</subfield>
    <subfield code="y">BK</subfield>
  </datafield>
  <datafield tag="952" ind1=" " ind2=" ">
    <subfield code="0">0</subfield>
    <subfield code="1">0</subfield>
    <subfield code="2">ddc</subfield>
    <subfield code="4">0</subfield>
    <subfield code="7">0</subfield>
    <subfield code="8">NFIC</subfield>
    <subfield code="a">RUCL</subfield>
    <subfield code="b">RUCL</subfield>
    <subfield code="c">Stack</subfield>
    <subfield code="d">2009-07-08</subfield>
    <subfield code="e">Author</subfield>
    <subfield code="g">267.00</subfield>
    <subfield code="l">0</subfield>
    <subfield code="o">B 297.09 HAM 2009</subfield>
    <subfield code="r">2016-08-08 00:00:00</subfield>
    <subfield code="t">C-5</subfield>
    <subfield code="w">2016-08-08</subfield>
    <subfield code="y">BK</subfield>
  </datafield>
  <datafield tag="952" ind1=" " ind2=" ">
    <subfield code="0">0</subfield>
    <subfield code="1">0</subfield>
    <subfield code="2">ddc</subfield>
    <subfield code="4">0</subfield>
    <subfield code="7">1</subfield>
    <subfield code="8">NFIC</subfield>
    <subfield code="a">RUCL</subfield>
    <subfield code="b">RUCL</subfield>
    <subfield code="c">Reading</subfield>
    <subfield code="d">2009-07-08</subfield>
    <subfield code="e">Author, Rajshahi.</subfield>
    <subfield code="g">267.00</subfield>
    <subfield code="l">0</subfield>
    <subfield code="o">B 297.09 HAM 2009</subfield>
    <subfield code="r">2016-12-05 00:00:00</subfield>
    <subfield code="t">C-1</subfield>
    <subfield code="w">2016-12-05</subfield>
    <subfield code="y">BK</subfield>
  </datafield>
</record>
